| 000 | 01177cam a2200265 i 4500 | ||
|---|---|---|---|
| 001 | 20305811 | ||
| 003 | OSt | ||
| 005 | 20240828152945.0 | ||
| 008 | 180124s2018 caua b 001 0 eng | ||
| 020 | _a9780128094051 | ||
| 040 | _cwiuc | ||
| 050 | 0 | 0 | _aRC347.5.H33 |
| 245 | 0 | 0 |
_aHandbook of developmental neurotoxicology. / _cedited by William Slikker, Jr., Merle G. Paule, Cheng Wang |
| 250 | _aSecond edition. | ||
| 264 | 1 |
_aLondon, United Kingdom : _bAcademic Press, _c2018. |
|
| 300 |
_axvii, 598 p. : _bcol. ills.; _c28 cm |
||
| 337 | _bn | ||
| 500 | _aIncludes bibliographical references and index. | ||
| 505 | _aContent: Part I. Cellular and molecular morphogenesis of the nervous system -- Part II: developmental neurobiology/toxicology -- Part III: Synaptogenesis and neurotransmission -- Part IV: Nutrient and chemical disposition -- Part V: Behavioral assessment Part VI: Clinical assessment and epidemiology -- Part VII: Specific neurotoxic syndromes -- Part VIII: Risk assessment | ||
| 700 | 1 |
_aSlikker, William, _cJr., _eeditor. _93004 |
|
| 700 | 1 |
_aPaule, Merle G., _eeditor. _93005 |
|
| 700 | 1 |
_aWang, Cheng, _93006 |
|
| 906 | _d | ||
| 942 |
_2lcc _cBK |
||
| 999 |
_c10381 _d17881 |
||